|
|
|
|
| LEADER |
00786nab a2200241 i 4500 |
| 001 |
publ38313 |
| 005 |
20251119103320.0 |
| 008 |
251119s2018 hu o 000 eng d |
| 022 |
|
|
|a 1559-128X
|
| 024 |
7 |
|
|a 10.1364/AO.57.000340
|2 doi
|
| 024 |
7 |
|
|a 3322050
|2 mtmt
|
| 040 |
|
|
|a SZTE Publicatio Repozitórium
|b hun
|
| 041 |
|
|
|a eng
|
| 100 |
1 |
|
|a Csajbók Viktória
|
| 245 |
1 |
0 |
|a Ultrafast multipulse damage threshold of femtosecond high reflectors
|h [elektronikus dokumentum] /
|c Csajbók Viktória
|
| 260 |
|
|
|c 2018
|
| 300 |
|
|
|a 340-343
|
| 490 |
0 |
|
|a APPLIED OPTICS
|v 57 No. 2
|
| 650 |
|
4 |
|a Fizikai tudományok
|
| 700 |
0 |
1 |
|a Bedőházi Z
|e aut
|
| 700 |
0 |
1 |
|a Nagy Benedek
|e aut
|
| 700 |
0 |
1 |
|a Dombi Péter
|e aut
|
| 856 |
4 |
0 |
|u http://publicatio.bibl.u-szeged.hu/38313/1/3322050.pdf
|z Dokumentum-elérés
|